Preguntas sobre animales - Estadísticas

Estadísticas generales
  • Esta prueba ha sido intentada 191 veces
  • La puntuación promedio es 8 de 15
Estadísticas de respuestas
Hint Respuesta % Correcto
¿Cuál es el dinosaurio mas popular? T-Rex
91%
¿Cuántas patas tienen los insectos? 6
90%
¿Cuál es el animal más rápido? Guepardo
76%
¿Cuál es el pez más grande del mundo? Tiburón Ballena
76%
¿Cuál es el animal típico de Madagascar? Lémur
66%
¿Cuál es la raza de perro mas peligrosa? Pitbull
62%
¿Qué pájaro pone el huevo más pequeño? Colibrí
57%
¿Qué raza de perro se le conoce por su labor de guiar a los rebaños? Border Collie
50%
¿Cuál es el roedor mas grande? Capibara
48%
¿Cuál es la serpiente mas larga? Pitón
47%
¿Qué mamífero puede planear? Ardilla Voladora
37%
¿Qué raza de gato parece que siempre esté enfadado? Persa
30%
¿Cuál es el país con más mascotas? Argentina
23%
¿Qué animal tiene el cerebro mas grande? Cachalote
11%
¿Cuál es el animal que produce café? Civeta
8%
No se encontraron pruebas coincidentes
Distribución de puntuación
Porcentaje de gente con cada puntuación
Porcentaje por número respondido
Historial de tus puntuaciones
No has intentado esta prueba.